| 000 | 00531nam a2200193 a 4500 | ||
|---|---|---|---|
| 001 | 000016086 | ||
| 005 | 20250609122030.0 | ||
| 008 | 100225s200? dr 000 0 spa d | ||
| 040 |
_aDO-SdBNP _bspa _cBNPHU |
||
| 082 |
_a398.961 _bF363p |
||
| 100 | 1 |
_aFernández, Generoso _936075 |
|
| 245 | 1 | 0 |
_aPensamientos / _cGeneroso Fernández. |
| 250 | _a2a ed. | ||
| 260 |
_aSanto Domingo : _bDiálogo, _c[200?]. |
||
| 300 |
_a57 p. ; _c13 cm. |
||
| 650 | 4 |
_aEspañol _xPalabras y frases _97109 |
|
| 650 | 0 |
_aCitas _936076 |
|
| 049 | _aBNPD | ||
| 999 |
_c15627 _d15627 |
||